00845nam a2200289Ia 4500008004000000020001500040041000800055082001300063100002100076245006400097250000500161260003900166300001300205650000800218650001100226650001100237650001700248650001100265650000800276650002000284650000600304690002600310700001800336906001100354999001900365952017100384210210b2011 xxu||||| |||| 00| 0 eng d a8173280681 aeng a350 AROI aARORA (Ramesh K) aIndian public administration: institutions and issues Rev 2 a aNew DelhibWishwa Prakashanc2011 aviii,676 aRev apublic aissues ainstitutions aIndian aand aadministration: a2 aPublic Administration aGOYAL (Rajni) a066482 c147848d147848 00102ddc40708Human RightsaALbALd2021-02-17eSapna Book House Pvt Ltd, K S Rao Road, Mangaloreg235.00l0o350 AROIp066482r2021-02-17 00:00:00w2021-02-17yBK